| 000 | 00000nam##2200000za#4500 |
| 001 | 9.688486 |
| 003 | CaOODSP |
| 005 | 20210624231440 |
| 007 | cr ||||||||||| |
| 008 | 150407|2000||||xxc|||||o f|0| 0 eng|d |
| 040 | |aCaOODSP|beng |
| 043 | |an-cn--- |
| 086 | 1 |aSW21-63/2000E-PDF |
| 110 | 1 |aCanada. |bStatus of Women Canada. |
| 245 | 10|aMigrant sex workers from Eastern Europe and the former Soviet Union : |h[electronic resource]|bthe Canadian case / |cLynn McDonald, Brooke Moore and Nalatya Timoshkina. |
| 260 | |aOttawa - Ontario : |bStatus of Women Canada |c2000. |
| 300 | |a105p.|btables |
| 500 | |a"The purpose of this project was to explore the experiences of women who had been trafficked into Canada from the former Soviet Union and Eastern Europe. The objectives were: explore the circumstances that lead Slavic women to migrate to Canada for the purposes of sex work; identify the type and nature of their work when they arrive in Canada; determine the conditions that lead them to remain in or change their original working situation; explore difficulties with migration or in the workplace after coming to Canada; identify the health and social services used by the women; document the gaps in services available to these women; make recommendations to improve policy for the delivery of health and social services for these women."--Executive summary; |
| 500 | |aThe catalogue number and ISBN for the bilingual print edition have been incorrectly copied in this electronic publication. |
| 504 | |aBibliography. |
| 520 | 3 |aThe purpose of this project was to explore the experiences of women who had been trafficked into Canada from the former Soviet Union and Eastern Europe. The objectives were: explore the circumstances that lead Slavic women to migrate to Canada for the purposes of sex work; identify the type and nature of their work when they arrive in Canada; determine the conditions that lead them to remain in or change their original working situation; explore difficulties with migration or in the workplace after coming to Canada; identify the health and social services used by the women; document the gaps in services available to these women; make recommendations to improve policy for the delivery of health and social services for these women.--Executive summary; |
| 590 | |a06-10-Supp|b2006-12-15 |
| 690 | 07|aProstitution|2gcpds |
| 690 | 07|aSocial conditions|2gcpds |
| 690 | 07|aStatus of women|2gcpds |
| 720 | 1 |aMcDonald, Lynn |
| 720 | 1 |aMoore, Brooke |
| 720 | 1 |aTimoshkina, Nalatya |
| 775 | 08|tLes travailleuses migrantes du sexe originaires d'Europe de l'Est et de l'ancienne Union soviétique : |w(CaOODSP)9.632911 |
| 776 | 0#|tMigrant sex workers from Eastern Europe and the former Soviet Union : |w(CaOODSP)9.662245 |
| 776 | 0#|tLes travailleuses migrantes du sexe originaires d'Europe de l'Est et de l'ancienne Union soviétique : |w(CaOODSP)9.662246 |
| 856 | 40|ahttp://publications.gc.ca|qPDF|s441 KB|uhttps://publications.gc.ca/collections/Collection/SW21-63-2000E.pdf |